000 00620nam a2200193Ii 4500
003 JO-AjNU
008 230605s9999||||xx |||||||||||||| ||und||
040 _aJO-AjNU
_bara
_erda
_cJO-AjNU
041 _aara
050 1 4 _aJK468.P75.S2812.1989
100 3 _aي . س . سافس / سارة ابو الرب ، مترجم ,
_eauthor
_917034
245 0 0 _aالتخاصية المفتاح لحكومة أفضل
250 _a(د،ط)
264 3 1 _aمركز الكتب الاردني ، 1989
300 _a307ص
336 _atext
_btxt
_2rdacontent
337 _aunmediated
_bn
_2rdamedia
338 _avolume
_bnc
_2rdacarrier
999 _aA5177
_c8745
_d8745